000 00302nam a2200133Ia 4500
003 GCL
008 140319s9999 xx 000 0 ara d
040 _aGCL /
_cGCL
082 0 4 _a811.9
_bم ذ
245 1 0 _aذكرياتى
260 _a[S.N] :
_bدار الرافدين
300 _a578 ص
490 _a
999 _c35510
_d35510